Central Library OPAC University of Rajshahi

الاحاطة في اخبار غرناطة ;; al ahatat fi akhbar gharnatat / (Record no. 79924)

MARC details
000 -LEADER
fixed length control field 01006nam a2200241 a 4500
001 - CONTROL NUMBER
control field 79924
003 - CONTROL NUMBER IDENTIFIER
rucl marc code BD-RjUL
005 - DATE AND TIME OF LATEST TRANSACTION
control field 20220606152206.0
008 - FIXED-LENGTH DATA ELEMENTS--GENERAL INFORMATION
fixed length control field 220606s1956 pk 000 0 urd d
035 ## - SYSTEM CONTROL NUMBER
System control number (BD-RjUL) 79924
040 ## - CATALOGING SOURCE
Original cataloging agency TAU
Language of cataloging eng
Transcribing agency BD-RjUL
041 0# - LANGUAGE CODE
Language code of text/sound track or separate title urd
082 ## - DEWEY DECIMAL CLASSIFICATION NUMBER
Edition number 23
Classification number 946.82
Author mark and year IBA 1956
100 1# - MAIN ENTRY--PERSONAL NAME
Personal name ابن الخطيب ;;،Ibn al-Khatib
Dates associated with a name م. ١٣٧٤
9 (RLIN) 1021
245 12 - TITLE STATEMENT
Title الاحاطة في اخبار غرناطة ;; al ahatat fi akhbar gharnatat /
Statement of responsibility, etc. Al wajir Muhammad Lasanuddin bin Al Khatib saiyed Ahmad nadadvi ;; الوزير محمد لسان الدين بن الخطيب ; سید احمد اللہ ندوی؛
260 ## - PUBLICATION, DISTRIBUTION, ETC. (IMPRINT)
Place of publication, distribution, etc. كرا چی :Karachi :
Name of publisher, distributor, etc. نفیس اکیڈمی ,Nafis academy ,
Date of publication, distribution, etc. [١٩٥٦]1956
300 ## - PHYSICAL DESCRIPTION
Pagination v. ;
Size 22 cm
505 ## - FORMATTED CONTENTS NOTE
Formatted contents note Vol.2.--
651 #4 - SUBJECT ADDED ENTRY--GEOGRAPHIC NAME
Geographic name Granada (Spain : Reino)
General subdivision History
9 (RLIN) 1023
Geographic name Granada (Spain : Reino)
Form subdivision Biography
9 (RLIN) 1024
700 1# - ADDED ENTRY--PERSONAL NAME
Personal name [ Nadvi, Syed Ahmadullah] ندوی , سید احمد اللہ
942 ## - ADDED ENTRY ELEMENTS (KOHA)
Source of classification or shelving scheme Dewey Decimal Classification
Koha item type Books
Holdings
Lost status Source of classification or shelving scheme Damaged status Not for loan Collection code Permanent Location Current Location Shelving location Date acquired Source of acquisition Cost, normal purchase price Total Checkouts Full call number Date last seen Copy number Koha item type
  Dewey Decimal Classification   Not For Loan Non-fiction Central Library, University of Rajshahi Central Library, University of Rajshahi Reading Room 13/10/1973 Quan manjil, Rajshahi 12.50   U 946.82 IBA V-2 1956 06/06/2022 C-1 Books